<?xml version="1.0" encoding="UTF-8"?>
<record
    xmlns:xsi="http://www.w3.org/2001/XMLSchema-instance"
    xsi:schemaLocation="http://www.loc.gov/MARC21/slim http://www.loc.gov/standards/marcxml/schema/MARC21slim.xsd"
    xmlns="http://www.loc.gov/MARC21/slim">

  <leader>01170nam a22002657a 4500</leader>
  <controlfield tag="003">BI-BuBU</controlfield>
  <controlfield tag="008">120316t1987    fr ||||dr|||| 000 0 fre d</controlfield>
  <datafield tag="020" ind1=" " ind2=" ">
    <subfield code="a">209191715X</subfield>
  </datafield>
  <datafield tag="037" ind1=" " ind2=" ">
    <subfield code="b">Don de la France</subfield>
  </datafield>
  <datafield tag="039" ind1=" " ind2=" ">
    <subfield code="b">Marie Goretti Ndayizeye</subfield>
  </datafield>
  <datafield tag="040" ind1=" " ind2=" ">
    <subfield code="a">BI-BuBU</subfield>
    <subfield code="b">fre</subfield>
    <subfield code="c">BI-BuBU</subfield>
  </datafield>
  <datafield tag="041" ind1="0" ind2=" ">
    <subfield code="a">fre</subfield>
  </datafield>
  <datafield tag="080" ind1=" " ind2=" ">
    <subfield code="a">82.82.</subfield>
  </datafield>
  <datafield tag="245" ind1="0" ind2="0">
    <subfield code="a">Anthologie du roman maghr&#xE9;bin de langue fran&#xE7;aise</subfield>
    <subfield code="c">pr&#xE9;sent&#xE9;e par Albert Memmi</subfield>
  </datafield>
  <datafield tag="260" ind1=" " ind2=" ">
    <subfield code="a">Paris</subfield>
    <subfield code="b">Nathan</subfield>
    <subfield code="c">1987</subfield>
  </datafield>
  <datafield tag="300" ind1=" " ind2=" ">
    <subfield code="a">191 p.</subfield>
    <subfield code="c">18 cm.</subfield>
  </datafield>
  <datafield tag="650" ind1=" " ind2="7">
    <subfield code="2">BI-BuBU</subfield>
    <subfield code="a">Anthologie</subfield>
    <subfield code="v">Roman</subfield>
    <subfield code="z">Magrheb</subfield>
    <subfield code="9">53726</subfield>
  </datafield>
  <datafield tag="700" ind1=" " ind2=" ">
    <subfield code="4">clb</subfield>
    <subfield code="a">Memmi Albert</subfield>
    <subfield code="9">53727</subfield>
  </datafield>
  <datafield tag="942" ind1=" " ind2=" ">
    <subfield code="2">udc</subfield>
    <subfield code="c">BK</subfield>
  </datafield>
  <datafield tag="999" ind1=" " ind2=" ">
    <subfield code="c">15493</subfield>
    <subfield code="d">15493</subfield>
  </datafield>
  <datafield tag="952" ind1=" " ind2=" ">
    <subfield code="0">0</subfield>
    <subfield code="1">0</subfield>
    <subfield code="2">udc</subfield>
    <subfield code="4">0</subfield>
    <subfield code="7">0</subfield>
    <subfield code="9">22653</subfield>
    <subfield code="a">BC</subfield>
    <subfield code="b">BC</subfield>
    <subfield code="d">2012-03-16</subfield>
    <subfield code="e">Don de l' Ambassade deFrance</subfield>
    <subfield code="l">0</subfield>
    <subfield code="o">82.82. ANT.R.</subfield>
    <subfield code="p">5010000332310</subfield>
    <subfield code="r">2012-03-16</subfield>
    <subfield code="t">1</subfield>
    <subfield code="w">2012-03-16</subfield>
    <subfield code="y">BK</subfield>
  </datafield>
  <datafield tag="952" ind1=" " ind2=" ">
    <subfield code="0">0</subfield>
    <subfield code="1">0</subfield>
    <subfield code="2">udc</subfield>
    <subfield code="4">0</subfield>
    <subfield code="7">0</subfield>
    <subfield code="9">22654</subfield>
    <subfield code="a">BC</subfield>
    <subfield code="b">BC</subfield>
    <subfield code="d">2012-03-16</subfield>
    <subfield code="e">Don de l'Ambassade de France</subfield>
    <subfield code="l">0</subfield>
    <subfield code="o">82.82.ANT.R.</subfield>
    <subfield code="p">5010000332327</subfield>
    <subfield code="r">2012-03-16</subfield>
    <subfield code="t">2</subfield>
    <subfield code="w">2012-03-16</subfield>
    <subfield code="y">BK</subfield>
  </datafield>
  <datafield tag="952" ind1=" " ind2=" ">
    <subfield code="0">0</subfield>
    <subfield code="1">0</subfield>
    <subfield code="2">udc</subfield>
    <subfield code="4">0</subfield>
    <subfield code="7">0</subfield>
    <subfield code="9">22655</subfield>
    <subfield code="a">BC</subfield>
    <subfield code="b">BC</subfield>
    <subfield code="d">2012-03-16</subfield>
    <subfield code="e">Don de l' Ambassade de France</subfield>
    <subfield code="l">0</subfield>
    <subfield code="o">82.82.ANT.R.</subfield>
    <subfield code="p">5010000332334</subfield>
    <subfield code="r">2012-03-16</subfield>
    <subfield code="t">3</subfield>
    <subfield code="w">2012-03-16</subfield>
    <subfield code="y">BK</subfield>
  </datafield>
  <datafield tag="952" ind1=" " ind2=" ">
    <subfield code="0">0</subfield>
    <subfield code="1">0</subfield>
    <subfield code="2">udc</subfield>
    <subfield code="4">0</subfield>
    <subfield code="7">0</subfield>
    <subfield code="9">22656</subfield>
    <subfield code="a">BC</subfield>
    <subfield code="b">BC</subfield>
    <subfield code="d">2012-03-16</subfield>
    <subfield code="e">don de l' Ambassade de France</subfield>
    <subfield code="l">0</subfield>
    <subfield code="o">82.82.ANT.R.</subfield>
    <subfield code="p">5010000332341</subfield>
    <subfield code="r">2012-03-16</subfield>
    <subfield code="t">4</subfield>
    <subfield code="w">2012-03-16</subfield>
    <subfield code="y">BK</subfield>
  </datafield>
</record>
